Los Monumentos arqueológicos del Maresme /
Descripción Física:
Il·lustracions
Colección:
San Jorge,
; núm. 17 (gener 1955), pàg 47-51
Idioma:
Español
MARC
| LEADER | 00000naa a2200000 a 4500 | ||
|---|---|---|---|
| 003 | Arxiu | ||
| 005 | 20260324181033.0 | ||
| 008 | 160829s1955 spcaxx s spa c | ||
| 040 | |a AGDB | ||
| 100 | 1 | |a Verrié, F.-P. |q (Frederic-Pau), |d 1920-2017 |9 29681 | |
| 245 | 1 | 4 | |a Los Monumentos arqueológicos del Maresme / |c F.P. Verrié |
| 300 | |b Il·lustracions | ||
| 490 | |a San Jorge, |v núm. 17 (gener 1955), pàg 47-51 | ||
| 590 | |a Conté 27 fotografies | ||
| 650 | 0 | |a Excavacions arqueològiques |9 55327 |z Maresme (Catalunya) | |
| 651 | 0 | |a Maresme (Catalunya) |x Arqueologia |9 55328 | |
| 773 | |g Núm. 17 (gener 1955), pàg 47-51 |t San Jorge. | ||
| 901 | |a Arxiu | ||
| 942 | |n 1 |2 udc |c ART | ||
| 952 | |0 0 |1 0 |4 0 |6 REV510 |7 1 |9 65110 |a Arxiu |b Arxiu |d 2023-01-24 |l 0 |o Rev-510 |r 2023-01-24 00:00:00 |w 2023-01-24 |y ARXIU |z També disponible a Rev-524 | ||
| 999 | |c 48080 |d 48080 | ||